banner-ar

FAIENCES DE TUNISIE / (Record no. 19284)

MARC details
000 -الفاتح
حقل البيانات ثابتة الطول 00487nam a2200193Ia 4500
008 - عناصر البيانات ثابتة الطول - معلومات عامة
حقل البيانات ثابتة الطول 140319s9999 xx 000 0 eng d
040 ## - مصدر الفهرسة
وكالة الفهرسة الأصلية GCL /
وكالة النسخ GCL
082 04 - رقم تصنيف ديوى العشرى
رقم التصنيف 738.09611
رقم المادة L F
100 1# - المدخل الرئيسى - إسم شخصى
الإسم الشخصى LOVICONI, DALILA
245 10 - بيان العنوان
العنوان FAIENCES DE TUNISIE /
بيان المسئوليه,etc LOVICONI, DALILA
700 1# - المدخل الاضافى - اسم شخصى
الإسم الشخصى LONICONI, ALAIN
260 ## - PUBLICATION, DISTRIBUTION, ETC. (IMPRINT)
تاريخ النشر أو التوزيع 1994
300 ## - الوصف المادى
التعداد 142 P
650 04 - المدخل الاضافى بالموضوع-مصطلح موضوعى
مصطلح موضوعي CERAMICS
650 04 - المدخل الاضافى بالموضوع-مصطلح موضوعى
مصطلح موضوعي POTTERY
650 04 - المدخل الاضافى بالموضوع-مصطلح موضوعى
مصطلح موضوعي ART, TUNIS
942 ## - عناصر المدخل الإضافي( كوها)
مصدر التصنيف او مخطط الترفيف Dewey Decimal Classification
Koha [default] item type كتاب
260 ## - PUBLICATION, DISTRIBUTION, ETC. (IMPRINT)
-- [S.N] :
-- INSTITUT DU MONDE ARABE ،
Holdings
حالة التراجع حالة الفقد حالة تلف ليس للاعارة المكان المؤقت الموقع الحالى تاريخ الاكتساب اجمالي اﻻعارات رقم الطلب الباركود تاريخ اخر مشاهدة تاريخ تفعيل السعر نوع وعاء كوها
        مكتبة القاهرة الكبرى مكتبة القاهرة الكبرى 03/26/2014   738.09611\L F 36856 03/26/2014 03/26/2014 كتاب

Powered By

EGPV